000
00300nam a22001337a 4500
082
_a
823
_b
KUD
100
_a
KUDAKKACHIRA, THOMAS
245
_a
TWO LITTLE FRIENDS
260
_a
MUMBAI
_b
PAULINE
300
_a
42
520
_a
ENGLISH SHORT STORY
650
_a
ENGLISH SHORT STORY
_z
KERALA
942
_c
BK
999
_c
5951
_d
5951